Rast konkurenčnej výkonnosti

Vývoj základných makroekonomických ukazovateľov SR. Súčasný stav a potreby slovenskej ekonomiky. Politická stabilita a hospodársky vývoj Slovenska. Časové hľadisko vstupu SR do EÚ.

Saved in:
Bibliographic Details
Main Author: Baláž, Peter
Format: Book Chapter
Language:Slovak
Subjects:
Tags: Add Tag
No Tags, Be the first to tag this record!

MARC

LEADER 00000naa a2200000 4500
001 r021848
005 20230825100203.1
041 0 |a slo 
044 |a SK 
245 1 0 |a Rast konkurenčnej výkonnosti  |c P. Baláž 
520 |a Vývoj základných makroekonomických ukazovateľov SR. Súčasný stav a potreby slovenskej ekonomiky. Politická stabilita a hospodársky vývoj Slovenska. Časové hľadisko vstupu SR do EÚ. 
610 2 0 |a hospodárstvo národné 
610 2 0 |a Slovensko 
610 2 0 |a produkt domáci hrubý 
610 2 0 |a konkurencieschopnosť 
610 2 0 |a Európska únia 
610 2 0 |a makroekonomika 
100 1 |a Baláž, Peter